| 000 | 00348nam a22001337a 4500 | ||
|---|---|---|---|
| 082 |
_a516.242 _bFul _cL-4 P-6 |
||
| 100 |
_aFuller, Gorden _939416 |
||
| 245 | _aPlane Trigonometry | ||
| 260 |
_aLondon _bMc GRAW Hill _c1950 |
||
| 300 |
_a270 P.: _bill, _c24 CM |
||
| 526 |
_a0 _b0 _c0 _d516_242000000000000_FUL |
||
| 650 |
_aMCE _9379 |
||
| 942 |
_2ddc _cBK |
||
| 999 |
_c543913 _d543913 |
||